Western civilization : (Record no. 1025)

MARC details
000 -LEADER
fixed length control field 00721nam a22002417a 4500
003 - CONTROL NUMBER IDENTIFIER
control field BD-DhJNU
005 - DATE AND TIME OF LATEST TRANSACTION
control field 20241229061913.0
008 - FIXED-LENGTH DATA ELEMENTS--GENERAL INFORMATION
fixed length control field 241229b |||||||| |||| 00| 0 eng d
020 ## - INTERNATIONAL STANDARD BOOK NUMBER
International Standard Book Number 0395365384
040 ## - CATALOGING SOURCE
Original cataloging agency BD-DhJNU
Language of cataloging eng
Transcribing agency BD-DhJNU
Modifying agency BD-DhJNU
082 ## - DEWEY DECIMAL CLASSIFICATION NUMBER
Edition number 23
Classification number 909.09821
245 ## - TITLE STATEMENT
Title Western civilization :
Remainder of title Ideas, Politics & Society /
Statement of responsibility, etc. Marvin Perry...[et all.]
250 ## - EDITION STATEMENT
Edition statement 2nd ed.
260 ## - PUBLICATION, DISTRIBUTION, ETC.
Place of publication, distribution, etc. New Jersey :
Name of publisher, distributor, etc. Houghton Mifflin Company,
Date of publication, distribution, etc. 1985.
300 ## - PHYSICAL DESCRIPTION
Extent xv, 430 [various] p. :
Other physical details ill. ;
Dimensions 26 cm.
504 ## - BIBLIOGRAPHY, ETC. NOTE
Bibliography, etc. note includes index
650 ## - SUBJECT ADDED ENTRY--TOPICAL TERM
Topical term or geographic name entry element Civilization
700 ## - ADDED ENTRY--PERSONAL NAME
Personal name Chase, Myrna
700 ## - ADDED ENTRY--PERSONAL NAME
Personal name Jacob, James R.
700 ## - ADDED ENTRY--PERSONAL NAME
Personal name Jacob, Margaret C.
700 ## - ADDED ENTRY--PERSONAL NAME
Personal name Laue, Theodore H. Von
942 ## - ADDED ENTRY ELEMENTS (KOHA)
Source of classification or shelving scheme Dewey Decimal Classification
Koha item type Books
Suppress in OPAC No
Holdings
Withdrawn status Lost status Source of classification or shelving scheme Damaged status Not for loan Collection Home library Current library Shelving location Date acquired Source of acquisition Total checkouts Full call number Barcode Date last seen Copy number Price effective from Koha item type
    Dewey Decimal Classification     Non-fiction Jagannath University Central Library Jagannath University Central Library General stacks 12/29/2024 Purchased   909.09821 PEW JNUCL7938 12/29/2024 1 12/29/2024 Books